[Event "Lille Luce op 4th"]
[Site "Lille"]
[Date "2013.04.13"]
[Round "1"]
[White "Vassallo Barroche, Mauricio"]
[Black "Bry, Stephane"]
[Result "1-0"]
[WhiteElo "2442"]
[BlackElo "2068"]
[PlyCount "51"]
[EventDate "2013.04.13"]
[EventType "swiss"]
[EventRounds "9"]
[EventCountry "FRA"]
[SourceTitle "CBM 154 Extra"]
[Source "ChessBase"]
[SourceDate "2013.06.25"]
[SourceVersion "2"]
[SourceVersionDate "2013.06.25"]
[SourceQuality "1"]

1. Nf3 Nf6 2. g3 g6 3. Bg2 Bg7 4. 0-0 0-0 5. d4 d5 6. c4 Nc6 7. cxd5 Nxd5 8. e4 Nb6 9. d5 Na5 10. Nc3 c6 11. Bg5 h6 12. Bf4 Nac4 13. Qe2 cxd5 14. exd5 g5 15. Bc1 Bg4 16. h3 Bh5 17. g4 Bg6 18. h4 Qd7 19. hxg5 Qxg4 20. Re1 Rad8 21. gxh6 Bf6 22. Ng5 Qh4 23. Nge4 Be5 24. Ng3 Rd7 25. Nce4 Rxd5 26. Bg5 1-0

[Event "Avoine op 25th"]
[Site "Avoine"]
[Date "2010.07.22"]
[Round "6"]
[White "Monpeurt, Cyrielle"]
[Black "Bry, Stephane"]
[Result "1-0"]
[WhiteElo "1893"]
[BlackElo "2084"]
[PlyCount "65"]
[EventDate "2010.07.17"]
[EventType "swiss"]
[EventRounds "9"]
[EventCountry "FRA"]
[SourceTitle "EXT 2011"]
[Source "ChessBase"]
[SourceDate "2010.11.26"]
[SourceVersion "1"]
[SourceVersionDate "2010.11.26"]
[SourceQuality "1"]

1. e4 e6 2. d4 d5 3. Nc3 Nf6 4. Bg5 Bb4 5. e5 h6 6. Bd2 Bxc3 7. Bxc3 Ne4 8. Nf3 Nxc3 9. bxc3 c5 10. Be2 Qa5 11. Qd2 Nc6 12. Rb1 cxd4 13. cxd4 Qxa2 14. 0-0 Qa5 15. Qf4 Qc7 16. Bd3 a5 17. Qg4 0-0 18. c3 b6 19. Nh4 Ba6 20. Rfd1 a4 21. f4 Bxd3 22. Rxd3 f5 23. exf6 Rxf6 24. f5 e5 25. Qg3 Qb8 26. dxe5 Qxe5 27. Qxe5 Nxe5 28. Rxd5 Nc4 29. Ra1 a3 30. Ng6 Ne3 31. Rxa3 Re8 32. Re5 Rxe5 33. Ra8+ 1-0

[Event "Avoine op 24th"]
[Site "Avoine"]
[Date "2009.07.21"]
[Round "4"]
[White "Inkiov, Ventzislav"]
[Black "Bry, Stephane"]
[Result "1/2-1/2"]
[WhiteElo "2473"]
[BlackElo "2068"]
[PlyCount "102"]
[EventDate "2009.07.18"]
[EventType "swiss"]
[EventRounds "9"]
[EventCountry "FRA"]
[SourceTitle "CBM 131 Extra"]
[Source "ChessBase"]
[SourceDate "2009.09.03"]
[SourceVersion "2"]
[SourceVersionDate "2009.09.16"]
[SourceQuality "1"]

1. d4 Nf6 2. c4 g6 3. Nc3 d5 4. Bf4 Bg7 5. e3 0-0 6. Qb3 c5 7. cxd5 cxd4 8. exd4 Nbd7 9. Be2 Nb6 10. Bf3 Bg4 11. Bxg4 Nxg4 12. Nf3 Nf6 13. d6 exd6 14. 0-0 d5 15. Rfe1 Qd7 16. h3 Nc4 17. Ne5 Qf5 18. Bh2 Nxe5 19. Rxe5 Qd7 20. Rae1 Rfe8 21. Bg3 Rxe5 22. Rxe5 Rd8 23. Bh4 Qc6 24. g4 h6 25. f3 Rd7 26. Bf2 Rd8 27. Kg2 b6 28. h4 Qd7 29. Bg3 Qb7 30. a4 Ne8 31. Rxd5 Rxd5 32. Qxd5 Qxd5 33. Nxd5 Bxd4 34. b4 Nf6 35. Nxf6+ Bxf6 36. b5 Kf8 37. Bb8 Bxh4 38. Bxa7 Bd8 39. a5 bxa5 40. b6 Ke7 41. b7 Bc7 42. b8Q Bxb8 43. Bxb8 Ke6 44. Bf4 g5 45. Bd2 f5 46. Kg3 a4 47. Bc1 fxg4 48. Kxg4 Kf6 49. Kh5 Kf5 50. Kxh6 a3 51. Bxa3 Kf4 1/2-1/2

[Event "Avoine op 20th"]
[Site "Avoine"]
[Date "2005.07.29"]
[Round "7"]
[White "Alet, Jean Pierre"]
[Black "Bry, Stephane"]
[Result "1/2-1/2"]
[WhiteElo "2221"]
[BlackElo "2084"]
[PlyCount "49"]
[EventDate "2005.07.23"]
[EventType "swiss"]
[EventRounds "9"]
[EventCountry "FRA"]
[SourceTitle "EXT 2007"]
[Source "ChessBase"]
[SourceDate "2006.11.23"]
[SourceVersion "1"]
[SourceVersionDate "2006.11.23"]
[SourceQuality "1"]

1. d4 Nf6 2. c4 g6 3. Nc3 d5 4. cxd5 Nxd5 5. Bd2 Bg7 6. e4 Nb6 7. Be3 0-0 8. Bb5 Bd7 9. Be2 e5 10. Nf3 exd4 11. Bxd4 Nc6 12. Bxg7 Kxg7 13. Qd2 Be6 14. 0-0-0 Qf6 15. Qe3 Rfd8 16. h3 Rxd1+ 17. Rxd1 Rd8 18. Rxd8 Qxd8 19. Bb5 Qd6 20. Bxc6 Qxc6 21. Qd4+ Kg8 22. Qd8+ Kg7 23. Qd4+ Kg8 24. Qd8+ Kg7 25. Qd4+ 1/2-1/2

[Event "Bethune-A"]
[Site "Bethune"]
[Date "2002.07.11"]
[Round "6.3"]
[White "Bry, Stephane"]
[Black "Renard, Stephane"]
[Result "0-1"]
[WhiteElo "1940"]
[BlackElo "2050"]
[PlyCount "44"]
[EventDate "2002.07.06"]
[EventType "tourn"]
[EventRounds "9"]
[EventCountry "FRA"]
[SourceTitle "EXT 2005"]
[Source "ChessBase"]
[SourceDate "2004.11.15"]
[SourceVersion "1"]
[SourceVersionDate "2004.11.15"]
[SourceQuality "1"]

1. e4 e6 2. d4 d5 3. Nd2 Nf6 4. e5 Nfd7 5. Bd3 c5 6. c3 Nc6 7. Ne2 cxd4 8. cxd4 f6 9. exf6 Nxf6 10. Nf3 Bd6 11. Bf4 Bxf4 12. Nxf4 0-0 13. 0-0 Ne4 14. g3 Qf6 15. Kg2 g5 16. Nh5 Qf5 17. Nd2 e5 18. Nxe4 dxe4 19. Bc4+ Kh8 20. dxe5 Qh3+ 21. Kg1 Bg4 22. Be2 Bf3 0-1

[Event "Bethune-A"]
[Site "Bethune"]
[Date "2002.07.06"]
[Round "1.1"]
[White "Bry, Stephane"]
[Black "Therkildsen, Thomas"]
[Result "1-0"]
[WhiteElo "1940"]
[BlackElo "2124"]
[PlyCount "45"]
[EventDate "2002.07.06"]
[EventType "tourn"]
[EventRounds "9"]
[EventCountry "FRA"]
[SourceTitle "EXT 2005"]
[Source "ChessBase"]
[SourceDate "2004.11.15"]
[SourceVersion "1"]
[SourceVersionDate "2004.11.15"]
[SourceQuality "1"]

1. e4 Nf6 2. Nc3 d5 3. exd5 Nxd5 4. Bc4 Nb6 5. Bb3 Nc6 6. Nf3 Bf5 7. d4 e6 8. 0-0 Be7 9. Re1 0-0 10. Ne4 Na5 11. Ng3 Bg4 12. Re4 Nxb3 13. axb3 f5 14. Re1 f4 15. Ne4 Bxf3 16. Qxf3 Qxd4 17. Nc3 e5 18. Qxb7 f3 19. gxf3 Rf6 20. Qe4 Rg6+ 21. Kf1 Qd7 22. Be3 Bd6 23. Bxb6 1-0

[Event "Bethune op 22nd"]
[Site "Bethune"]
[Date "2001.12.30"]
[Round "7"]
[White "Bry, Stephane"]
[Black "Roger, Mehdi"]
[Result "0-1"]
[WhiteElo "1990"]
[BlackElo "2191"]
[PlyCount "80"]
[EventDate "2001.12.26"]
[EventType "swiss"]
[EventRounds "7"]
[EventCountry "FRA"]
[SourceTitle "CBM 085 Extra"]
[Source "ChessBase"]
[SourceDate "2002.01.21"]
[SourceVersion "1"]
[SourceVersionDate "2002.01.21"]
[SourceQuality "1"]

1. e4 e6 2. d4 d5 3. Nd2 Nf6 4. e5 Nfd7 5. Bd3 c5 6. c3 Nc6 7. Ne2 cxd4 8. cxd4 f6 9. exf6 Nxf6 10. Nf3 Bd6 11. 0-0 0-0 12. Bf4 Bxf4 13. Nxf4 Ne4 14. g3 Qf6 15. Kg2 Ng5 16. Ne5 Nxe5 17. dxe5 Qh6 18. h4 Nf7 19. Re1 Bd7 20. Qb3 Nd8 21. Rac1 Bc6 22. Bb5 Rf7 23. a4 a6 24. Bxc6 Nxc6 25. Qa3 Raf8 26. Rc3 Nd4 27. Nh3 Qg6 28. Qc5 Nf3 29. Ree3 Nxh4+ 30. Kh1 d4 31. Qxd4 Nf5 32. Qb6 Qh6 33. Kg2 Nxe3+ 34. Rxe3 Qg6 35. Qb3 h6 36. Kh2 Rxf2+ 37. Nxf2 Rxf2+ 38. Kg1 Qf5 39. Qd1 Rxb2 40. Qd8+ Kh7 0-1

[Event "Bethune-A"]
[Site "Bethune"]
[Date "2001.??.??"]
[Round "?"]
[White "Israel, Gregory"]
[Black "Bry, Stephane"]
[Result "1-0"]
[WhiteElo "2055"]
[BlackElo "2000"]
[PlyCount "70"]
[EventDate "2001.??.??"]
[EventType "tourn"]
[EventRounds "9"]
[EventCountry "FRA"]
[SourceTitle "EXT 2003"]
[Source "ChessBase"]
[SourceDate "2002.11.25"]
[SourceVersion "1"]
[SourceVersionDate "2002.11.25"]
[SourceQuality "1"]

1. d4 Nf6 2. Bg5 g6 3. Bxf6 exf6 4. e3 f5 5. g3 Bg7 6. Bg2 0-0 7. Ne2 d6 8. c4 c5 9. Nbc3 Nc6 10. 0-0 Qb6 11. dxc5 dxc5 12. Rb1 Rd8 13. Qa4 Be6 14. Nd5 Bxd5 15. cxd5 Nb4 16. Rfd1 Rac8 17. h4 c4 18. Nf4 h6 19. a3 Na6 20. Rbc1 Qxb2 21. Rxc4 Rxc4 22. Qxc4 Qxa3 23. Qb5 Nc5 24. d6 Ne4 25. Bxe4 fxe4 26. Qd5 Kh7 27. d7 Qe7 28. Qxb7 a5 29. Nd5 Qd6 30. Nc3 Qb8 31. Qxb8 Rxb8 32. Nxe4 Rd8 33. Nc5 a4 34. Nb7 Rxd7 35. Rxd7 a3 1-0

[Event "Bethune-A"]
[Site "Bethune"]
[Date "2001.??.??"]
[Round "?"]
[White "Van Maele, Richard"]
[Black "Bry, Stephane"]
[Result "0-1"]
[WhiteElo "1890"]
[BlackElo "2000"]
[PlyCount "78"]
[EventDate "2001.??.??"]
[EventType "tourn"]
[EventRounds "9"]
[EventCountry "FRA"]
[SourceTitle "EXT 2003"]
[Source "ChessBase"]
[SourceDate "2002.11.25"]
[SourceVersion "1"]
[SourceVersionDate "2002.11.25"]
[SourceQuality "1"]

1. f4 d5 2. Nf3 Bg4 3. e3 c5 4. Be2 e6 5. 0-0 Nf6 6. Ne5 Bxe2 7. Qxe2 Nc6 8. d4 cxd4 9. Nxc6 bxc6 10. exd4 Qb6 11. c3 c5 12. Be3 g6 13. a4 c4 14. Na3 Rb8 15. Bc1 Bd6 16. Nb5 Be7 17. Qe5 a6 18. Na3 0-0 19. Qe2 Qc6 20. Nc2 a5 21. Ne3 Nd7 22. f5 Nf6 23. Ng4 Nxg4 24. Qxg4 h5 25. Qg3 Bd6 26. Qg5 exf5 27. Rxf5 Qc7 28. Rxd5 Bxh2+ 29. Kh1 Rfe8 30. Bd2 Rxb2 31. Rf1 Bd6 32. Qh6 Bf8 33. Qg5 Re2 34. Bf4 Qc6 35. Rg1 Be7 36. Rd8+ Bxd8 37. Qxd8+ Qe8 38. Qxa5 Rxg2 39. Rxg2 Qe1+ 0-1